000
00309nam a22001337a 4500
008
170526b xxu||||| |||| 00| 0 eng d
020
_a
0137119453
041
_a
eng
080
_2
2ND
_a
62
100
_a
27
101
_a
IM
245
_a
PROBABILITY AND STATISTICS FOR ENGINEERS
_c
MILLER, I
942
_2
udc
_c
BK
999
_c
14484
_d
14484